| 000 | 004770000a22001690004500 | ||
|---|---|---|---|
| 003 | MACL | ||
| 005 | 20160105123245.0 | ||
| 008 | 160105b xxu||||| |||| 00| 0 eng d | ||
| 040 |
_aMACL _cMACL |
||
| 041 | _aEnglish | ||
| 082 | _a800/SIS | ||
| 100 |
_aSismondi, J C L Simonde De _927162 |
||
| 245 |
_aHistorical View of the Literature of the South of Europe _bvol 1 |
||
| 260 |
_bGeorge Bell and Sons _c1908 _aLondon |
||
| 650 |
_aLiterature _927853 |
||
| 942 |
_cBK _k800/SIS _2ddc |
||
| 999 |
_c39362 _d39362 |
||